000 00380nam a2200133Ia 4500
008 100328s9999 xx 000 0 und d
082 _b44781
100 _aराजपूत रघुवीरसिंह
245 _aद्वंद्व
260 _bलोकसाहित्य
630 _aद्वंद्व
730 _aद्वंद्व
942 _cBOOK
999 _c533026
_d533023